| 000 | 00893cam a22002655i 4500 | ||
|---|---|---|---|
| 999 |
_c5543 _d5543 |
||
| 003 | EG-ScBUE | ||
| 005 | 20200123104239.0 | ||
| 008 | 200123s1990 ua g 000 eaara d | ||
| 017 | _a1990 / 5407 | ||
| 020 | _a977080035X | ||
| 040 |
_aEG-ScBUE _bara _erda _cEG-ScBUE _dEG-ScBUE |
||
| 082 | 0 | 4 |
_a892.746 _bس ع د _222 |
| 100 | 1 |
_aسعدني، محمود، _eمؤلف. |
|
| 245 | 1 | 2 |
_aالولد الشقي / _cمحمود السعدني. |
| 264 | 1 |
_aالقاهرة : _bأخبار اليوم، قطاع الثقافة، _c1990. |
|
| 300 |
_aالمجلد الثاني ؛ _c22 سم |
||
| 336 |
_aنص _btxt _2rdacontent |
||
| 337 |
_aبدون وسيط _bn _2rdamedia |
||
| 338 |
_aمجلد _bnc _2rdacarrier |
||
| 600 | 1 | 7 |
_aسعدني، محمود، _vمذكرات. _2BUEsh |
| 650 | 7 |
_aالصحفيون المصريون. _2BUEsh |
|
| 651 | _2BUEsh | ||
| 653 |
_bARALIT _bGGEN |
||
| 942 |
_cBB _2ddc |
||